000 00515naa a2200193 a 4500
001 82717
003 BD-RjUL
005 20240122120754.0
008 240122s1950 le ||||| |||| 00| 0 a d
035 _a(BD-RjUL)82717
040 _aBD-RjUL
_beng
_cBD-RjUL
041 _aara
082 _223
245 _aمنشورات مکتبة صادر ;; manshurat muktabat sadir /
260 _aBairut :
_bMaktubat i Sharqia,
_c1950
300 _a56 p.;
_c20 cm
650 _a Library publications
_911014
942 _2ddc
_cBK
999 _c82717
_d82717